000 00652nam a2200277Ia 4500
005 20260324115647.0
008 008 260324s9999 xx 000 0 eng d
020 _a9781315370606
037 _aEBOOK
040 _aCRL
040 _beng
040 _cCRL
041 _2eng
041 _aeng
084 _qCRL
100 _aLing Bing Kong
_91155525
245 0 _aCarbon Nanomaterials Based on Graphene Nanosheets
260 _bTaylor and Francis
260 _c2017
365 _a
365 _b400
856 _uhttp://www.taylorfrancis.com/books/9781315370606
942 _cEBOOK
999 _c1746558
_d1746558